Ambedkar/ (Record no. 11082)

MARC details
000 -LEADER
fixed length control field 00617nam a22002177a 4500
005 - DATE AND TIME OF LATEST TRANSACTION
control field 20260515114854.0
008 - FIXED-LENGTH DATA ELEMENTS--GENERAL INFORMATION
fixed length control field 201128b ||||| |||| 00| 0 eng d
040 ## - CATALOGING SOURCE
Original cataloging agency IN-DiNC
Transcribing agency IN-DiNC
041 ## - LANGUAGE CODE
Language code of sung or spoken text asm
082 ## - DEWEY DECIMAL CLASSIFICATION NUMBER
Classification number 320.5
Item number BOR
100 ## - MAIN ENTRY--PERSONAL NAME
Personal name Bora, Amulya Kumar
Relator term author
245 ## - TITLE STATEMENT
Title Ambedkar/
Statement of responsibility, etc. by Amulya Kumar Bora, Jatin Mech and Ripunjoy Bora
250 ## - EDITION STATEMENT
Edition statement 1st ed.
260 ## - PUBLICATION, DISTRIBUTION, ETC.
Place of publication, distribution, etc. Golaghat:
Name of publisher, distributor, etc. Saraswati prakashan,
Date of publication, distribution, etc. 2020
300 ## - PHYSICAL DESCRIPTION
Extent 185p.
650 ## - SUBJECT ADDED ENTRY--TOPICAL TERM
Topical term or geographic name entry element Political science
650 ## - SUBJECT ADDED ENTRY--TOPICAL TERM
Topical term or geographic name entry element Political thought of Ambedkar
700 ## - ADDED ENTRY--PERSONAL NAME
Personal name Mech, Jatin
Relator term author
700 ## - ADDED ENTRY--PERSONAL NAME
Personal name Bora, Ripunjoy
Relator term author
942 ## - ADDED ENTRY ELEMENTS (KOHA)
Source of classification or shelving scheme Dewey Decimal Classification
Koha item type Books
Holdings
Withdrawn status Lost status Source of classification or shelving scheme Damaged status Not for loan Collection Home library Current library Shelving location Date acquired Cost, normal purchase price Total checkouts Full call number Barcode Date last seen Copy number Price effective from Koha item type Date last checked out
    Dewey Decimal Classification       Naharkatiya College Library Naharkatiya College Library General stacks 11/28/2020 160.00   320.5 BOR 28432 11/28/2020 1 11/28/2020 Books  
    Dewey Decimal Classification       Naharkatiya College Library Naharkatiya College Library General stacks 11/28/2020 160.00   320.5 BOR 28433 11/28/2020 2 11/28/2020 Books  
    Dewey Decimal Classification       Naharkatiya College Library Naharkatiya College Library General stacks 11/28/2020 160.00 2 320.5 BOR 28434 12/18/2024 3 11/28/2020 Books 12/04/2024
    Dewey Decimal Classification       Naharkatiya College Library Naharkatiya College Library General stacks 11/28/2020 160.00 1 320.5 BOR 28435 12/19/2024 4 11/28/2020 Books 12/04/2024